Rents rising fast (Record no. 74642)
[ view plain ]
| 000 -LEADER | |
|---|---|
| fixed length control field | 01174cab a2200217 4500 |
| 001 - CONTROL NUMBER | |
| control field | WB4046-04 |
| 008 - FIXED-LENGTH DATA ELEMENTS--GENERAL INFORMATION | |
| fixed length control field | 041202n2004 000 0 eng u |
| 035 ## - SYSTEM CONTROL NUMBER | |
| System control number | (Sirsi) u128174 |
| 245 ## - TITLE STATEMENT | |
| Title | Rents rising fast |
| 260 ## - PUBLICATION, DISTRIBUTION, ETC. | |
| Date of publication, distribution, etc. | 2004 |
| 490 ## - SERIES STATEMENT | |
| Series statement | RICS Press Release |
| Volume/sequential designation | (pr104) 3 December 2004 (2) |
| 520 ## - SUMMARY, ETC. | |
| Summary, etc. | Rents are rising at their fastest rate for over three years according to the latest "RICS residential lettings survey: Great Britain". The survey covers the last three months to end of October 2004. The rent increases are due to rising tenant demand which is outpacing newly available rental properties in the market. The rise in demand is a result of interest rate rises. Potential buyers are opting to rent, rather than take a risk on the currently uncertain housing market. There has also been a slowdown in rented property available as the buy-to-let boom tails off. http://www.rics.org |
| 590 ## - LOCAL NOTE (RLIN) | |
| Local note | WB |
| 650 ## - SUBJECT ADDED ENTRY--TOPICAL TERM | |
| Topical term or geographic name entry element | RICS RESIDENTIAL LETTINGS SURVEY |
| 650 ## - SUBJECT ADDED ENTRY--TOPICAL TERM | |
| Topical term or geographic name entry element | LETTINGS MARKET SURVEY |
| 650 ## - SUBJECT ADDED ENTRY--TOPICAL TERM | |
| Topical term or geographic name entry element | BUY-TO-LET |
| 650 ## - SUBJECT ADDED ENTRY--TOPICAL TERM | |
| Topical term or geographic name entry element | RENTAL SECTOR |
| 650 ## - SUBJECT ADDED ENTRY--TOPICAL TERM | |
| Topical term or geographic name entry element | RENTAL PRICES |
| 690 ## - LOCAL SUBJECT ADDED ENTRY--TOPICAL TERM (OCLC, RLIN) | |
| Topical term or geographic name as entry element | PROPERTY-RESIDENTIAL PROPERTY-RESIDENTIAL PROPERTY MARKET |
| 942 ## - ADDED ENTRY ELEMENTS (KOHA) | |
| Suppress in OPAC | 0 |
| Withdrawn status | Lost status | Source of classification or shelving scheme | Damaged status | Not for loan | Home library | Current library | Shelving location | Date acquired | Total Checkouts | Full call number | Barcode | Date last seen | Copy number | Price effective from | Koha item type |
|---|---|---|---|---|---|---|---|---|---|---|---|---|---|---|---|
| Dewey Decimal Classification | London | London | News article | 02/12/2004 | WB4046-04 | 128174-1001 | 06/08/2019 | 1 | 06/08/2019 | News article |